000 01252nam a22002415i 4500
001 160207
003 ES-MaACL
005 20250719063318.0
008 030113s1874 sp |||| | spa d
040 _aCCPB | B
_bspa
_cCCPB | B
100 1 _aMoreno y Pozo, Adolfo,
_d1848-1897
_eaut
_9130183
245 1 0 _aClínica quirúrgica :
_b(segundo curso) : curso de 1873 a 1874 /
_ca cargo de Adolfo Moreno y Pozo.
260 _aMadrid :
_b[s.n.],
_c1874
_f(Imp. Médica de la Viuda e Hijos de M. Álvarez)
300 _a77 páginas, 1 hoja plegada ;
_c18 cm.
500 _aPrecede al tít.: Facultad de Medicina
650 7 _aClínica quirúrgica
_2embne-DP
_9148887
710 2 _aUniversidad Central (Madrid).
_bFacultad de Medicina
_eisb
_97093
852 _aES-MaACL
_cDEPOF
_gDedicatoria ms. de Enrique M. de Argen a la Biblioteca de los Escolares Médicos
_hLegado Gustavo Sáenz Díez
_jT-422-F-1
_xEnc. en un vol. facticio
_xHolandesa, falto de cub. original
852 _aES-MaACL
_cDEPOF
_gDedicatoria ms. de Aurelio del Río a la Biblioteca de los Escolares Médicos
_jT-362-F-16
_xEnc. en un vol. facticio
_xHolandesa, falto de cub. original
942 _2udc
_cFOLLETOS
_n0
999 _c160207
_d160207